The United States almanac, for the year of our Lord 1788 : ... Containing every thing that is useful or necessary in an almanac. : Also, a variety of entertaining matter in prose and verse. /

Bibliographic Details
Other Authors: Judd, Eben W. (Eben Warner), 1761-1837
Format: eBook
Language:English
Series:Early American imprints. Evans (1639-1800) ; no. 20439.
Subjects:
Online Access:Evans Digital Edition

MARC

Tag First Indicator Second Indicator Subfields
LEADER 00000cam a2200000 a 4500
001 in00002178366
006 m e d #
007 cr mn mmmmabba
008 830808s1787 njua s 000 0 eng d
005 20260331164118.5
035 |z w019917 
035 |a MAAR8308082611B 
035 |9 mwa91-42723 
035 |a 348053 
035 |a aas03019917 
040 |a MWA  |c MWA  |e bdrb  |d UtOrBLW 
245 0 4 |a The United States almanac, for the year of our Lord 1788 :  |b ... Containing every thing that is useful or necessary in an almanac. : Also, a variety of entertaining matter in prose and verse. /  |c By Eben W. Judd, mathematician. 
264 3 |a Elizabeth-Town [N.J.] :  |b Printed by Shepard Kollock,  |c [1787] 
300 |a 36 unnumbered pages :  |b illustrations ;  |c 17 cm. (duodecimo) 
336 |a text  |b txt  |2 rdacontent 
337 |a computer  |b c  |2 rdamedia 
338 |a online resource  |b cr  |2 rdacarrier 
500 |a Previous issues are entitled: The United States almanack. 
500 |a Advertised in the New-Jersey journal, Elizabethtown, Oct. 17, 1787. 
500 |a The Anatomy is the only illustration. 
510 4 |a Evans  |c 20439 
510 4 |a Morsch, L.M. New Jersey,  |c 61 
510 4 |a Drake, M. Almanacs,  |c 5139 
530 |a Microform version available in the Readex Early American Imprints series. 
533 |a Electronic text and image data.  |b [Chester, Vt. :  |c Readex, a division of Newsbank, Inc.,  |d 2002-2004.  |e Includes files in TIFF, GIF and PDF formats with inclusion of keyword searchable text.  |f (Early American imprints. First series ; no. 20439). 
500 |a Electronic resource. 
655 7 |a Almanacs  |z New Jersey  |y 1788.  |2 rbgenr 
700 1 |a Judd, Eben W.  |q (Eben Warner),  |d 1761-1837. 
752 |a United States  |b New Jersey  |d Elizabeth. 
752 |a United States  |b New Jersey  |d Elizabethtown. 
830 0 |a Early American imprints.  |n Series I,  |p Evans (1639-1800) ;  |v no. 20439. 
856 4 1 |u http://proxy.library.tamu.edu/login?url=https://opac.newsbank.com/select/evans/20439  |y Evans Digital Edition  |t 0 
999 |a MARS 
999 f f |s b28dddb6-5968-356d-90d2-e93b9119596c  |i daa37ce8-312a-3ccf-b28b-0d548ad0ed20  |t 0 
952 f f |a Texas A&M University  |b College Station  |c Electronic Resources  |s www_evans  |d Available Online  |t 0  |h No information provided 
998 f f |t 0  |l Available Online